[Event "Winter Chess Classic-B 2018"]
[Site "Saint Louis"]
[Date "2018.11.07"]
[Round "3"]
[White "Mikhalevski, Victor"]
[Black "Gareyev, Timur"]
[Result "1-0"]
[WhiteElo "2574"]
[BlackElo "2584"]
[Annotator "TA"]
[PlyCount "80"]
[EventDate "2018.11.05"]
[EventType "tourn"]
[EventCountry "USA"]
[SourceTitle "playchess.com"]
[Source "ChessBase"]
[SourceQuality "1"]

{[%evp 25,80,0,29,7,38,30,60,57,54,58,70,58,83,61,101,85,106,96,98,81,81,87,86,72,78,78,116,77,87,74,97,89,85,100,116,90,108,87,119,118,118,12,126,132,336,195,591,546,539,449,719,719,632,631,607,593,5381]} 1. d4 {CB} Nf6 2. c4 e6 3. Nf3 b6 4. g3 Ba6 5. Qa4 Bb7 6. Bg2 c5 7. dxc5 bxc5 8. O-O Be7 9. Rd1 O-O 10. Bf4 Qb6 11. Nc3 Rd8 12. Rd2 {E15: Queen's Indian: 4 g3 sidelines, 4 g3 Ba6 and 4 g3 Bb7 early deviations} d6 13. Rad1 a6 {LiveBook: 18 Games} 14. g4 {[%cal Bg3g4,Bg4g5][%mdl 32] [#] White has an edge.} Ne8 $146 ({Predecessor:} 14... Nxg4 15. Bxd6 Rxd6 16. Qe8+ Bf8 17. Ng5 Ne5 18. Bxb7 Rxd2 19. Rxd2 Qxb7 {½-½ (51) Gelfand,B (2733)-Bacrot,E (2728) Nalchik 2009 CBM 130 [CB]}) 15. Qc2 Nd7 16. g5 Bc6 17. h4 Qb7 18. Bg3 Nf8 19. b3 Ra7 20. Ne1 Qa8 21. f4 g6 22. Bxc6 Qxc6 23. e4 Ng7 24. Ng2 f5 25. Ne3 Rad7 26. Bh2 Kh8 27. Qd3 Re8 28. exf5 gxf5 29. Qe2 Bd8 30. h5 Ba5 31. Rd3 {[#] Strongly threatening h6.} Ree7 32. Na4 Kg8 33. Qg2 (33. Bg3 $16) 33... Qc8 (33... Qxg2+ $1 $11 {keeps the balance.} 34. Kxg2 Nxh5) 34. Qf3 $16 ({Don't play} 34. Rxd6 Nxh5 35. Qf3 Ng7 $14) 34... e5 $2 (34... Ne8 $16 {was called for.} 35. Bg3 Qb7 36. Qxb7 Rxb7) 35. Nd5 (35. Rxd6 $142 e4 36. Qh3) 35... Re6 $2 (35... e4 36. Nxe7+ Rxe7) 36. fxe5 $18 {White is clearly winning.} dxe5 {[#] White must now prevent ...e4.} 37. Bxe5 $1 {[%mdl 512] aiming for Nf6+.} Rxe5 (37... Bd8 $142 38. h6 Ne8) 38. Nf6+ Kh8 39. Rxd7 Nxd7 40. Rxd7 f4 {Precision: White = 61%, Black = 34%.} 1-0

[Event "Winter Chess Classic-B 2018"]
[Site "Saint Louis"]
[Date "2018.11.07"]
[Round "3"]
[White "Ali Marandi, Cemil Can"]
[Black "Benjamin, Joel"]
[Result "1-0"]
[WhiteElo "2552"]
[BlackElo "2526"]
[Annotator "TA"]
[PlyCount "77"]
[EventDate "2018.11.05"]
[EventType "tourn"]
[EventCountry "USA"]
[SourceTitle "playchess.com"]
[Source "ChessBase"]
[SourceQuality "1"]

{[%evp 9,77,-37,-35,-33,-14,-26,5,5,0,-22,-8,-35,-10,-9,97,118,123,112,120,114,115,108,124,122,122,127,181,183,182,172,177,182,176,182,176,162,213,229,212,214,266,252,258,227,219,181,177,116,139,104,122,74,87,85,108,61,131,66,187,199,268,123,355,334,342,317,388,393,397,389]} 1. d4 Nf6 2. Bf4 d6 3. Nc3 c6 4. e4 Qa5 5. Qe2 $146 ({Predecessor:} 5. Qd2 e5 6. Bg3 exd4 7. Qxd4 Be6 8. O-O-O Nbd7 9. Bc4 Bxc4 10. Qxc4 Ne5 11. Qe2 b5 12. f4 Nc4 13. e5 Nd5 14. exd6+ Kd8 15. d7 Ba3 16. Nxd5 Bxb2+ 17. Kb1 cxd5 18. Re1 Be5 {0-1 (18) Ajay Krishna,S (2200)-Turner,M (2533) Prague 2018}) 5... e5 6. dxe5 {B07: Pirc Defence: Miscellaneous Systems} dxe5 7. Bd2 Bg4 8. f3 {The position is equal.} Be6 9. g4 Nbd7 10. h4 b5 11. Nd5 b4 (11... Qd8 $11 {keeps the balance.} 12. Nxf6+ Nxf6) 12. Qa6 $1 $16 Qxa6 13. Nc7+ Kd8 14. Nxe6+ (14. Bxa6 $2 Kxc7 15. Nh3 h6 $19) 14... fxe6 15. Bxa6 Nc5 16. Bc4 $36 {[%mdl 2048] White is really pushing.} a5 17. a3 Rb8 (17... bxa3 $16 18. Rxa3 Bd6) 18. axb4 $18 axb4 19. Nh3 Bd6 20. Ra7 Nfd7 21. Ke2 h6 22. g5 Ke7 (22... b3 $142 23. Rc1 Bc7 24. cxb3 Nxb3) 23. gxh6 gxh6 24. Rg1 Kf6 25. Nf2 h5 26. Bg5+ Kf7 27. Be3 Rb7 28. Raa1 (28. Rxb7 $18 {Strongly threatening Bxc5.} Nxb7 29. Ra1) 28... Be7 29. Bg5 Nb6 30. Bd3 b3 {[#]} 31. Bxe7 $1 Rxe7 32. Rg5 Kf6 {[#]} ({Black should try} 32... Rb7 $1 $14) 33. Rag1 (33. f4 $1 $16 {[%mdl 512]}) 33... Rhh7 ({Black should play} 33... Rf7 $1 $14) 34. f4 {[%cal Bf3f4,Bf4e5][%mdl 32]} Reg7 (34... Ra7 {is a better defense.} 35. Rxe5 (35. fxe5+ Ke7 $16) 35... Nxd3 36. Nxd3 (36. cxd3 Ra2 $18) 36... bxc2) 35. Nh3 (35. fxe5+ $18 {has better winning chances.} Kf7 36. Nh3) 35... Nxd3 $2 (35... Rxg5 $16 {might work better.} 36. hxg5+ Kg7) 36. cxd3 ({Not} 36. Kxd3 Rxg5 37. fxg5+ (37. Rxg5 exf4 38. Nxf4 bxc2 $16) (37. hxg5+ Ke7 $16) 37... Kg6 $16) 36... Rxg5 37. hxg5+ ({Weaker is} 37. fxg5+ Kg6 $18) ({Less strong is} 37. Rxg5 Nd7 $18) (37. Nxg5 Ra7 $16) 37... Kg6 38. fxe5 {aiming for Nf4+.} Rf7 39. Ke3 {Precision: White = 51%, Black = 33%.} 1-0

[Event "Winter Chess Classic-B 2018"]
[Site "Saint Louis"]
[Date "2018.11.07"]
[Round "3"]
[White "Theodorou, Nikolas"]
[Black "Perelshteyn, Eugene"]
[Result "1-0"]
[WhiteElo "2539"]
[BlackElo "2493"]
[Annotator "TA"]
[PlyCount "73"]
[EventDate "2018.11.05"]
[EventType "tourn"]
[EventCountry "USA"]
[SourceTitle "playchess.com"]
[Source "ChessBase"]
[SourceQuality "1"]

{[%evp 22,73,41,37,47,48,48,41,43,4,31,12,0,0,3,-8,65,51,88,91,95,85,95,87,83,69,170,175,172,156,172,151,312,-263,270,204,167,101,102,44,37,27,392,405,1875,1792,29989,29990,29990,29991,29996,29993,29993,29994]} 1. d4 Nf6 2. c4 g6 3. Nf3 Bg7 4. g3 O-O 5. Bg2 d6 6. O-O c6 7. Nc3 Qb6 8. c5 {E62: Königsindisch (6...Sc6)} (8. b3 e5 9. d5 cxd5 10. cxd5 Bd7 11. Nd2 Rc8 12. Nc4 Qa6 13. Bd2 b5 14. Ne3 Qb7 15. a4 bxa4 16. bxa4 {½-½ (16) Cuenca Jimenez,J (2506)-Movsziszian,K (2536) San Cristobal de La Laguna 2018}) 8... dxc5 9. Na4 Qb5 10. Nxc5 Na6 11. a4 Qb6 12. a5 {LiveBook: 11 Partien} Qb5 13. Nxa6 Qxa6 14. Re1 Bf5 15. Ne5 $146 Nd7 16. e4 Nxe5 17. exf5 Rad8 $1 18. fxg6 Nxg6 (18... hxg6 $11 19. Be3 c5) 19. Be3 c5 {[%cal Rc5d4]} 20. d5 Bxb2 21. Rb1 Bc3 22. Re2 Qxa5 23. h4 {[%cal Bh2h4,Bh4h5][%mdl 32]} Bf6 (23... e6 $14) 24. h5 $1 $18 Ne5 25. Bf4 $1 {[%cal Rf4e5]} Nc4 26. Rxb7 e5 $2 (26... Rfe8 $16 {ist eine bessere Verteidigung.}) 27. Be4 $4 {[%mdl 8192]} (27. Bh6 $18 {war der einzige Gewinnzug.} Nd6 28. Rbb2) 27... Nd6 $4 {[%mdl 8192]} (27... exf4 $19 {und Schwarz kann entspannen.} 28. Bb1 Qc3) 28. Bb1 Qc3 (28... Nxb7 $2 {zu gefräßig.} 29. Qc2 $18) (28... exf4 $2 29. Qd3 $1 $18 {[%mdl 512]}) 29. Rb3 (29. Re3 $18 Qc4 30. Rxe5 (30. Bd3 Qd4 $19) 30... Bxe5 31. Qg4+ Bg7 32. h6 $1 {[%mdl 512]}) 29... Qc4 $16 30. Rxe5 ({Besser ist} 30. Bh6 $16) 30... Bxe5 $14 31. Bxe5 $40 {[%mdl 128] Droht f4 und aus. Schwarz muss sich nun genau verteidigen.} Rfe8 $2 {[%mdl 8192] [#]} (31... f5 $1 $11) 32. Bf6 $1 $18 Rb8 (32... Nb5 $142 33. Rxb5 Rxd5) 33. Bd3 Qa4 {[#]} 34. Qd2 $3 {[%mdl 512] Weiß setzt Matt.} Re1+ 35. Kh2 Rxb3 36. Qh6 {[%csl Gh6][%cal Rd3h7]} Nf5 37. Bxf5 {Precision: Weiß = 64%, Schwarz = 22%.} 1-0

[Event "Winter Chess Classic-B 2018"]
[Site "Saint Louis"]
[Date "2018.11.07"]
[Round "3"]
[White "Kevilshvili, Robby"]
[Black "Hakobyan, Aram"]
[Result "0-1"]
[WhiteElo "2461"]
[BlackElo "2565"]
[Annotator "TA"]
[PlyCount "130"]
[EventDate "2018.11.05"]
[EventType "tourn"]
[EventCountry "USA"]
[SourceTitle "playchess.com"]
[Source "ChessBase"]
[SourceQuality "1"]

{[%evp 17,130,0,15,9,20,0,0,-6,0,0,0,0,12,0,-10,-20,0,0,0,0,0,-18,0,-23,-19,-18,-18,-20,-22,-17,-17,-17,-10,-12,-10,-10,-10,-10,-10,-22,-11,-12,0,0,0,0,0,0,0,0,0,0,0,0,0,0,0,-2,0,-113,-39,-96,-96,-124,-120,-143,-117,-120,-129,-334,-321,-312,-312,-313,-312,-334,-327,-297,-302,-319,-305,-302,-302,-302,-251,-302,-302,-2983,-2726,-12798,-12801,-12799,-12799,-6177,-6137,-5165,-1159,-4627,-4477,-3250,-2800,-2170,-1690,-1689,-740,-5319,-1194,-5608,-5604,-5708,-5708,-5624,-5608,-5319,-5274]} 1. e4 e5 2. Nf3 Nc6 3. Bb5 Nf6 4. O-O Nxe4 5. Re1 Nd6 6. Nxe5 Be7 7. Bf1 Nf5 {C67: Ruy Lopez: Berlin Defence: 4 0-0 Nxe4} 8. Nxc6 dxc6 9. d3 O-O {LiveBook: 3 Games. The position is equal.} 10. Nd2 $146 {[%cal Bb1d2,Bd2f3,Bf3e5][%mdl 32]} ({Predecessor:} 10. Nc3 Be6 11. Bf4 Bd6 12. Bxd6 cxd6 13. Qd2 Qb6 14. Na4 Qa6 15. Nc3 Qb6 16. Na4 Qa6 17. Nc3 Qb6 {½-½ (17) Gashimov,V (2757)-Karjakin,S (2763) Beijing 2011}) 10... Re8 11. Nf3 Be6 12. Bf4 Bd6 13. Qd2 Qf6 14. Ne5 h6 15. c3 c5 16. Nc4 Bd5 17. Bxd6 Nxd6 18. Rxe8+ Rxe8 19. Re1 Rd8 {...Nxc4 is the strong threat.} 20. Qe3 (20. Ne5 {feels hotter.} b6 21. a3 a5 22. Ng4 Qg6 23. Qf4) 20... b6 21. Nxd6 Qxd6 22. a3 Be6 23. h3 a5 24. Qe5 Qxe5 25. Rxe5 $11 {[%mdl 4096] Endgame KRB-KRB} g5 26. g3 Kg7 27. Kg2 Kf6 28. Re3 b5 {[%cal Bb6b5,Bb5b4][%mdl 32]} 29. f4 b4 30. Re5 c4 31. d4 Bd5+ 32. Kf2 bxa3 33. bxa3 gxf4 34. gxf4 c6 35. Bg2 a4 36. Bxd5 cxd5 {KR-KR} 37. Ke3 Kg6 38. Re7 (38. h4 $11) 38... Rb8 ({Black should try} 38... f6 $17) 39. Rd7 (39. f5+ $15 Kf6 40. Ra7) 39... Rb3 $17 40. Rd6+ f6 41. Rxd5 Rxc3+ 42. Ke4 Rxa3 43. Ra5 $2 {[#]} (43. Rc5 $17) 43... Ra1 $1 $19 {[%cal Ra1e1]} ({Not} 43... Rxh3 44. Rxa4 c3 45. Ra2 $17) 44. d5 {[#]} a3 $1 {[%cal Ba4a3,Ba3a2][%mdl 32] Strongly threatening ...a2.} 45. d6 a2 46. d7 Re1+ 47. Kf3 Rd1 48. h4 Rxd7 49. h5+ Kf7 50. Rxa2 c3 51. Ke2 Ke6 52. Ra5 $2 (52. Ra8) 52... Rd2+ {Black is clearly winning.} 53. Ke3 Rd5 54. Ra6+ Rd6 55. Ra2 Rc6 56. Rc2 Kf5 (56... Kd5 $142 57. Kd3 Rc4) 57. Kf3 Rc8 58. Ke3 Kg4 59. Ke4 Re8+ 60. Kd3 Kxf4 61. Rg2 Re3+ 62. Kc2 Rg3 63. Re2 Kg5 64. Re6 Rf3 65. Re8 Kxh5 {Precision: White = 53%, Black = 67%.} 0-1

[Event "Winter Chess Classic-B 2018"]
[Site "Saint Louis"]
[Date "2018.11.08"]
[Round "4"]
[White "Hakobyan, Aram"]
[Black "Gareyev, Timur"]
[Result "0-1"]
[WhiteElo "2565"]
[BlackElo "2584"]
[Annotator "TA"]
[PlyCount "88"]
[EventDate "2018.11.05"]
[EventType "tourn"]
[EventCountry "USA"]
[SourceTitle "playchess.com"]
[Source "ChessBase"]
[SourceQuality "1"]

{[%evp 27,88,26,43,41,31,0,0,0,0,-21,-29,-39,-49,-48,-39,-57,-43,-62,-60,-38,-14,-14,-21,-107,-108,-98,-102,-110,-95,-95,-96,-93,0,-94,-83,-93,-88,-87,-83,-74,-74,-72,-69,-65,-69,-101,-60,-196,-190,-252,-252,-764,-758,-764,-732,-754,-748,-1071,-1054,-1458,-1436,-6483,-6374]} 1. d4 Nf6 2. c4 g6 3. Nc3 Bg7 4. e4 O-O 5. f3 c5 6. d5 e6 7. Nge2 exd5 8. cxd5 d6 9. Bg5 Re8 10. Qd2 a6 11. a4 Nbd7 12. Ng3 Qa5 13. Ra3 Qb4 {A65: Modern Benoni: 6 e4} 14. Be2 Ne5 {LiveBook: 6 Games} 15. O-O Nfd7 {White is slightly better.} (15... Nc4 16. Bxc4 Qxc4 17. Bf4 Bf8 18. Bh6 Be7 19. Na2 a5 20. Rc1 Qa6 21. Re3 {1-0 (42) Papaioannou,I (2609)-Gagunashvili,M (2585) Budva 2009}) 16. Qc1 $146 ({Predecessor:} 16. Na2 Qxd2 17. Bxd2 c4 18. f4 Nd3 19. Bxd3 cxd3 20. Bc3 Nc5 21. Bxg7 Kxg7 {0-1 (66) Vidarte Morales,A (2318)-Fernandez,F (2410) Sitges 2016}) 16... Nc4 17. Bxc4 $1 Qxc4 18. Be3 Ne5 19. a5 b5 20. axb6 Rb8 21. Na4 Bd7 22. b3 Qxc1 23. Rxc1 Bxa4 24. Rxa4 Nd3 25. Rc2 (25. Rb1 $1 $11) 25... Rxb6 $17 26. Nf1 Rxb3 27. Nd2 Rb5 28. Kf1 Nb4 29. Rc1 Nd3 30. Rc2 f5 {[%cal Bf7f5,Bf5e4,Be4f3][%mdl 32]} 31. Ke2 {[#]} Nb4 $1 {[%cal Rb4c2]} 32. Rc1 Bb2 33. Rd1 Bd4 $36 {[%mdl 2048] Black has strong initiative.} 34. Nc4 fxe4 35. Bxd4 cxd4 36. Nxd6 exf3+ 37. Kf1 (37. Kf2 $15 Re2+ 38. Kxf3 Re3+ 39. Kg4 Rxd5 40. Rxb4 Rxd6 41. Rbxd4) 37... Nxd5 $19 38. Nxe8 (38. gxf3 $142 Ne3+ 39. Ke1) 38... Ne3+ 39. Kf2 $2 (39. Kg1 f2+ 40. Kxf2 Nxd1+ 41. Ke1) 39... Nxd1+ {Black is clearly winning.} 40. Kxf3 Rf5+ 41. Kg3 Nc3 42. Rxa6 d3 43. Nd6 d2 {[#] Strongly threatening ...Ne2+.} 44. Nxf5 d1=Q {Precision: White = 41%, Black = 63%.} 0-1

[Event "Winter Chess Classic-B 2018"]
[Site "Saint Louis"]
[Date "2018.11.08"]
[Round "4"]
[White "Benjamin, Joel"]
[Black "Theodorou, Nikolas"]
[Result "1-0"]
[WhiteElo "2526"]
[BlackElo "2539"]
[Annotator "TA"]
[PlyCount "125"]
[EventDate "2018.11.05"]
[EventType "tourn"]
[EventCountry "USA"]
[SourceTitle "playchess.com"]
[Source "ChessBase"]
[SourceQuality "1"]

{[%evp 18,125,39,37,86,50,64,34,44,37,104,106,103,105,136,143,131,141,154,153,148,148,148,143,156,155,163,143,142,145,179,180,174,179,198,186,250,200,360,340,350,331,344,338,448,292,422,417,797,529,1610,1523,1102,298,256,122,122,122,122,122,122,35,37,31,120,80,80,0,0,0,0,0,109,109,109,73,73,73,73,73,83,83,106,83,96,133,252,190,382,370,610,395,389,388,387,380,29968,29967,29968,395,354,336,29972,29973,29970,29974,29973,29975,29958,12814]} 1. e4 c5 2. c3 d5 3. exd5 Qxd5 4. Nf3 Nf6 5. Na3 a6 6. Be2 e6 7. O-O Be7 8. Nc4 Nbd7 9. d4 cxd4 {B22: Sicilian: 2 c3} 10. Nxd4 {LiveBook: 4 Games} O-O 11. b3 {Threatens to win with Bf3.} Re8 $146 {White is slightly better.} ({Predecessor:} 11... Qe4 12. Bf3 Qg6 13. Re1 Bc5 14. b4 Ba7 15. Nd6 Nd5 16. Bxd5 exd5 17. N4f5 {1-0 (33) Sermek,D (2520)-Vatter,H (2330) Cattolica 1994}) 12. Bf3 (12. Be3 $5 {[%cal Re2f3]}) 12... Qc5 $1 13. Re1 Nb6 (13... Qc7 $14) 14. Nxe6 $1 $16 Bxe6 15. Be3 $36 {[%mdl 2048] White is on the roll.} Qf5 16. Bxb6 Bxc4 17. bxc4 Bc5 18. Bxc5 Rxe1+ 19. Qxe1 Qxc5 20. Bxb7 Re8 21. Qf1 Qa3 22. Qc1 Qa5 23. Qd2 g6 24. Rd1 Kg7 25. g3 Rb8 26. Bf3 Qa3 (26... Rc8 $142 27. Bd5 Nxd5) 27. Qd4 h6 $2 (27... Rc8 28. Rd3 Rc7) 28. c5 $18 {[%cal Bc4c5,Bc5c6][%mdl 32]} Qxa2 29. c6 Qa5 30. Kg2 Rb3 31. Rc1 Rb2 (31... Rb8 $142 32. c4 Re8) 32. h4 Rb5 (32... Rb8 $142 33. c4 Rd8) 33. c4 Rc5 34. Rb1 Rf5 35. g4 $2 (35. Bd5 g5 36. hxg5 hxg5 37. Rb7 Rxd5 38. cxd5 Qxd5+ 39. Qxd5 Nxd5 40. c7 Nxc7 41. Rxc7) 35... Qc5 36. Qxc5 (36. Qc3 $1 $18 Qe5 37. Qxe5 Rxe5 38. Rb6) 36... Rxc5 {[%mdl 4096] Endgame KRB-KRN} 37. Rb4 a5 38. Rb5 Rxc4 39. g5 (39. Rxa5 $16 Rc1 40. Ra8) 39... hxg5 $14 40. hxg5 Ng8 (40... Nh5 $14) 41. Bd5 Rg4+ 42. Kf1 ({White should try} 42. Kh3 $16 Rd4 43. Rxa5) 42... Rxg5 $11 43. c7 (43. Rxa5 $6 Ne7 $14) 43... Ne7 44. Rxa5 Rh5 (44... Nc8 $1 $11) 45. Rb5 $1 $16 Rh3 {White should prevent ...Rc3.} 46. Bc4 {aiming for Rb8.} Rc3 47. Rc5 Nc8 48. Ke2 Kf6 49. Kd2 Ra3 50. Rd5 $1 {[%cal Rd5d8] Strongly threatening Rd8.} Ra7 51. Rd7 $1 {Hoping for Ke3.} Nb6 (51... Ke5 $16 52. Kc3 (52. Rxf7 Kd6 $16) (52. Bxf7 Nb6 $16) 52... f5) 52. Rd6+ (52. Rxf7+ $6 Ke5 $16) ({Don't play} 52. Bxf7 $6 Ra8 $16) 52... Kg5 $2 (52... Kg7 53. Rxb6 Rxc7) 53. Rc6 $18 ({Don't take} 53. Rxb6 Rxc7 54. Kd3 f5 $18) 53... f5 $2 (53... Nc8 54. Bxf7 Ne7) 54. Bf7 Nc8 55. Bxg6 Ne7 56. Bf7 Ra8 $2 (56... Kf4 $18 57. Rc5 Ke4) 57. Re6 Ra2+ 58. Ke1 $2 (58. Kc1 {mates} Ra1+ 59. Kb2 Ra5 60. f4+ $1 {[%mdl 512]} Kxf4 61. Rxe7 Rc5 62. Be6 Rxc7 63. Rxc7) 58... Ra1+ {[#]} 59. Ke2 $1 Ra2+ $2 (59... Nc8 $18 60. Re8 Nb6) 60. Kf1 {White mates.} Ra1+ 61. Re1 Rxe1+ 62. Kxe1 Kf6 {[#]} 63. Bd5 $1 {[%mdl 512] Precision: White = 62%, Black = 36%.} 1-0

[Event "Winter Chess Classic-B 2018"]
[Site "Saint Louis"]
[Date "2018.11.08"]
[Round "4"]
[White "Van Foreest, Lucas"]
[Black "Ali Marandi, Cemil Can"]
[Result "1/2-1/2"]
[WhiteElo "2499"]
[BlackElo "2552"]
[Annotator "TA"]
[PlyCount "99"]
[EventDate "2018.11.05"]
[EventType "tourn"]
[EventCountry "USA"]
[SourceTitle "playchess.com"]
[Source "ChessBase"]
[SourceQuality "1"]

{[%evp 17,99,35,39,8,4,0,0,0,0,0,0,0,0,0,14,27,22,-26,-19,-19,-30,-20,57,65,54,51,114,106,100,101,108,85,103,44,59,52,53,28,129,110,155,153,159,156,178,178,178,181,214,114,107,125,151,81,83,97,105,70,77,65,75,76,189,190,186,189,188,177,193,184,189,186,244,222,275,269,230,56,58,16,16,18,19,0]} 1. e4 e6 2. d4 b6 3. Nc3 Bb7 4. Bd3 Nf6 5. Qe2 Bb4 6. Nf3 d5 7. exd5 Qxd5 8. O-O {B00: Queen's Fianchetto Defence, Nimzowitsch Defence} Bxc3 9. bxc3 Nbd7 {LiveBook: 6 Games} 10. Bg5 {White is slightly better.} (10. c4 Qh5 11. Bf4 Rc8 12. a4 a5 13. Rab1 O-O 14. Rb5 c5 15. dxc5 Rxc5 {0-1 (29) Eljanov,P (2734)-Carlsen,M (2827) Douglas 2017}) 10... h6 $146 ({Predecessor:} 10... O-O 11. c4 Qc6 12. Rfe1 Rfe8 13. c3 h6 14. Bd2 e5 15. d5 {0-1 (28) Yukhno,A (2123)-Tarlev,K (2486) Berezovskoe 2008}) 11. c4 Qd6 12. Bh4 Nh5 13. Be4 Bxe4 14. Qxe4 O-O 15. Ne5 f5 16. Qf3 $36 {[%mdl 2048] White fights for an advantage.} Nhf6 17. Bg3 Qxd4 18. Rad1 $1 {[%cal Rd1d4]} Nxe5 19. Qxa8 $1 Rxa8 (19... Qxc4 $11 20. Rd8 Ng6) 20. Rxd4 $14 Nc6 21. Rdd1 e5 (21... Rc8 $14) 22. f4 $1 $16 e4 23. Bh4 $1 Ne8 24. c5 Kf7 25. g4 (25. Rd7+ $16 Kg6 26. Rb1) 25... bxc5 26. Rd5 Nd4 27. gxf5 {aiming for Bf2.} Nd6 (27... Nf3+ $11 {keeps the balance.} 28. Rxf3 exf3) 28. Bf2 Re8 {White should prevent ...e3.} 29. Bxd4 cxd4 30. Rxd4 {[%mdl 4096] Endgame KRR-KRN} Kf6 31. Ra4 e3 32. Kg2 Kxf5 33. Re1 ({White should try} 33. Kf3 $18) 33... Re4 34. Rxa7 Kxf4 35. Rxc7 (35. Rf1+ $142 Kg4 36. h3+ (36. Rxc7 Nf5 $16) 36... Kg5 37. Kf3 (37. Rxc7 Nf5 $16)) 35... Nf5 36. Rf1+ Kg4 37. h3+ Kg5 38. Rc5 g6 $1 39. Kf3 Rh4 (39... Ra4 $16) 40. Rg1+ $1 $18 Kf6 41. Rc6+ Ke5 42. Rcxg6 ({Stronger than} 42. Rgxg6 Nd4+ 43. Kxe3 Nxc6 $11) 42... Rxh3+ {[#]} 43. Kg2 $1 {[%cal Rg2h3]} Rh4 {[#]} 44. Rb1 $1 {[%cal Rb1b5] Threatens to win with Rb5+.} Re4 (44... Nd4 {was called for.} 45. c3 Nc2) 45. Rg8 Rc4 46. Rb5+ Ke6 47. Re8+ $2 (47. Rg6+ $18 Kf7 48. Ra6 Rxc2+ 49. Kh3) 47... Kd7 $14 {And now ...Nh4+ would win.} 48. Ree5 Rxc2+ 49. Kh3 e2 50. Rxe2 {Precision: White = 60%, Black = 45%.} 1/2-1/2

[Event "Winter Chess Classic-B 2018"]
[Site "Saint Louis"]
[Date "2018.11.08"]
[Round "4"]
[White "Perelshteyn, Eugene"]
[Black "Mikhalevski, Victor"]
[Result "1/2-1/2"]
[WhiteElo "2493"]
[BlackElo "2574"]
[Annotator "TA"]
[PlyCount "155"]
[EventDate "2018.11.05"]
[EventType "tourn"]
[EventCountry "USA"]
[SourceTitle "playchess.com"]
[Source "ChessBase"]
[SourceQuality "1"]

{[%evp 13,155,-6,-7,-4,0,0,0,-2,-8,-29,15,-7,62,67,67,18,22,0,14,0,14,0,0,0,0,0,0,0,16,0,0,0,0,0,0,0,0,0,0,0,0,0,0,0,0,0,-1,-13,0,-52,-27,-22,-13,-69,0,-50,-45,-46,-33,-36,-41,-80,-83,-100,-100,-88,-89,-86,-89,-98,-101,-83,0,0,0,0,0,0,0,0,0,0,0,0,0,0,0,0,0,0,0,0,0,0,0,0,0,0,0,0,0,0,0,0,0,0,0,0,0,0,0,0,0,0,0,0,0,0,0,0,0,0,0,0,0,0,0,0,0,0,0,0,0,0,0,0,0,0,0,0,0,0,0,0]} 1. d4 Nf6 2. Nf3 g6 3. Nc3 d5 4. Bf4 Bg7 5. Nb5 Na6 6. e3 {D00: 1 d4 d5: Unusual lines} O-O 7. h3 Ne4 {LiveBook: 7 Games} 8. Nd2 c6 $146 ({Predecessor:} 8... Nd6 9. Nc3 c5 10. Be5 cxd4 11. Bxg7 Kxg7 12. exd4 Nb4 13. a3 {½-½ (29) Rapport,R (2698)-Grischuk,A (2750) chess.com INT 2017}) 9. Nxe4 dxe4 10. Nc3 c5 {[%cal Rc5d4]} 11. Be5 f6 12. Bh2 Qa5 (12... f5 $11) 13. Bc4+ $14 Kh8 14. O-O f5 15. Be5 Rd8 16. Bxg7+ Kxg7 17. Qe2 cxd4 18. exd4 Rxd4 19. Rad1 Rxd1 20. Rxd1 Nc7 21. Rd8 {[#] Rg8+ is the strong threat.} Be6 22. Rxa8 Bxc4 23. Qxc4 Nxa8 24. Qd4+ Kg8 25. Qc4+ Kg7 26. Qd4+ Kg8 27. Qd7 Kf7 $1 28. Qxb7 Nc7 29. Qb3+ Ne6 30. a4 Qc5 31. Qd5 ({White should try} 31. Nd5 $11) 31... Qb4 32. Qb5 Qd4 33. Qd5 (33. g4 $11) 33... a6 ({Better is} 33... Qxd5 $15 34. Nxd5 Nd4) 34. a5 e3 $36 {[%mdl 2048] White is under pressure.} 35. Qxd4 Nxd4 36. fxe3 Nxc2 $15 {[%mdl 4096] Endgame KN-KN} 37. Nd5 e6 38. Nb6 Nxe3 39. b4 {And now b5! would win.} Nc2 {[#]} 40. b5 $1 {[%mdl 512]} Nb4 (40... axb5 41. a6) 41. bxa6 Nxa6 42. Kf2 e5 (42... Ke7 $17 43. Nc4 Kd7) 43. Nd7 $11 {The position is equal.} e4 {Threatens to win with ...Ke7.} 44. Ke3 Ke7 45. Ne5 Kd6 46. Nf7+ Kd5 47. Ng5 h5 48. g4 Ke5 {aiming for ...f4+.} 49. gxf5 gxf5 50. Nf7+ Ke6 51. Ng5+ Ke5 52. Nf7+ Kf6 53. Nd6 $1 Ke6 54. Nc4 Kd5 55. Nb6+ Kc6 56. Nc8 Kd7 57. Nb6+ Kc6 {White must now prevent ...Nc7.} 58. Nc8 Kd7 59. Nb6+ Kd6 60. Nc4+ Kc5 61. Ne5 Nb4 {Hoping for ...Nd5+.} 62. Kf4 Kb5 63. Kxf5 e3 64. Kg5 e2 65. Nf3 {Strongly threatening Nd4+.} Nc2 66. Kxh5 Kxa5 67. Kg4 Ne3+ (67... Nd4 $5 68. Ne1 $8 Kb4 $11) 68. Kg3 Kb6 69. Kf2 $1 {[%csl LRe2,LRe3]} Nf5 70. Kxe2 Kc5 71. Ng5 Kd6 72. Kf3 Ke5 73. Kg4 Kf6 74. Kf4 Kg6 75. Ne4 Ng7 76. Kg4 Nf5 77. Kf4 Ng7 78. Kg4 {Precision: White = 69%, Black = 65%.} 1/2-1/2